| 000 | 00446nam a2200181Ia 4500 | ||
|---|---|---|---|
| 001 | 22552 | ||
| 005 | 20260414150839.0 | ||
| 008 | 260414t2013||||xx |||||||||||||| ||spa|| | ||
| 041 | _aESP | ||
| 082 |
_a621.382 _bL33 |
||
| 100 |
_aLe Rouzic, Jean-Pierre _eAUT |
||
| 245 | 0 |
_aIEEE 802.11ac : _ban analysis of the standard |
|
| 260 | _c2013 | ||
| 300 |
_a307 páginas : _c23 cm. |
||
| 650 | _aTCA | ||
| 654 | _aCET | ||
| 942 |
_cLIB _dJUS _fJUS _2ddc _n |
||
| 999 |
_c22552 _d22552 |
||